000 00347nam a2200145Ia 4500
008 150201s2013 xx 000 0 und d
082 _a616.01
_bM13B
100 _aBAVEJA, CP.
245 _aTB. OF MICROBIOLOGY FOR NURSES
250 _a3RD
260 _bARYA PUB.
_aDELHI
_c2013
300 _a259
650 _aMICROBIOLOGY
942 _2ddc
_cBK
_0276
999 _c2137
_d2137